MARC

LEADER 00000nam0a2200000 4500
001 299246
005 20231102001202.0
010 |a 3540501355 
035 |a (RuTPU)RU\TPU\book\324398 
035 |a RU\TPU\book\324397 
090 |a 299246 
100 |a 20150626d1981 km y0engy50 ba 
101 0 |a eng 
102 |a DE 
105 |a a z 101zy 
200 1 |a  Topics in nuclear physics II  |e Lecture Notes for International Winter School in Nuclear Physics Held at Beijing(Peking) The People's Republic of China, December 22, 1980 January 9, 1981  |f J. Ehlers [и др.]  |g edited by T. T. S. Kuo 
210 |a Berlin  |c Springer-Verlag  |d 1981 
215 |a 1082 p.  |c il. 
225 1 |a Lecture Notes in Physics  |v Vol. 145 
606 1 |a Ядерная физика  |2 stltpush  |3 (RuTPU)RU\TPU\subj\21560  |9 46524 
610 1 |a английский язык 
610 1 |a атомное ядро 
610 1 |a ядерные кластеры 
610 1 |a антисимметрия 
610 1 |a эффекты 
610 1 |a электромагнитные расчеты 
610 1 |a теория 
610 1 |a методы 
610 1 |a ядерные реакции 
610 1 |a тяжелые ионы 
610 1 |a высокие энергии 
610 1 |a физика 
610 1 |a взаимодействия 
610 1 |a бозоны 
610 1 |a мультипольный резонанс 
610 1 |a Зимние школы 
610 1 |a лекции 
675 |a 539.14(063)(07)  |v 3 
701 1 |a Ehlers  |b J. 
701 1 |a Hepp  |b K. 
701 1 |a Kippenhahn  |b R. 
701 1 |a Weidenmuller  |b H. A. 
701 1 |a Zittartz  |b J. 
702 1 |a Kuo  |b T. T. S.  |4 340 
712 1 2 |a Topics in nuclear physics II  |c International Winter School  |e China  |f 1981  |4 570 
801 1 |a RU  |b 63413507  |c 20121015 
801 2 |a RU  |b 63413507  |c 20200901  |g RCR 
942 |c BK